000 00703nam a2200169 a 4500
008 120416s1974 ||||||||||||||||| || u
050 _aHD 8799.Z33 Ber
100 _aBerger, Elena L
245 1 0 _aLabour, race and colonial rule: the Copperbelt from 1924 to independence
_cBy Elena L. Berger
260 _aOxford
_bClarendon
_c1974
350 _a0.00
490 _aOxford studies in African affairs
650 _aINDUSTRIAL RELATIONS--ZAMBIA--HISTORY
650 _aZAMBIA--RACE RELATIONS--HISTORY
650 _aZAMBIA--RACE RELATIONS--COPPERBELT--1924-64
995 _D0.00
_FCBU-MAIN LIBRARY (Kitwe)
_H1
_I0.00
_M1
_UAVAILABLE
_ZZambiana Collection
999 _c48751
_d48751